000 00396nam a2200181Ia 4500
005 20250425160929.0
008 250425s9999 xx 000 0 und d
041 _aeng
082 _a621.38173
110 _aRCA
245 0 _aCOS/MOS INTEGRATED CIRCUITS
250 _a1ST ED.
260 _aEstados Unidos
_bRCA
_c1980
260 _aS.L.
300 _a688
942 _c01
010 _a8646
999 _c199088
_d199088